[Event "Druzynowe Mistrzostwa Polski II Liga"]
[Site "Szklarska Poreba"]
[Date "1899-12-30"]
[Round "9.39"]
[White "Walkusz, Witoslaw"]
[Black "Dudzinski, Pawel"]
[Result "1-0"]
[WhiteTitle "FM"]
[BlackTitle "FM"]
[WhiteElo "2138"]
[BlackElo "2244"]

1. e4 c6 2. d4 d5 3. Nc3 g6 4. Nf3 Bg7 5. e5 Nh6 6. h3 O-O 7. Bd3 f6 8. exf6 exf6
9. Ne2 Re8 10. Bf4 Qb6 11. Rb1 Qa5+ 12. b4 Qb6 13. O-O Bf5 14. b5 Bxd3 15. Qxd3
Nd7 16. Nc3 Rac8 17. bxc6 Qxc6 18. Nb5 Qxc2 19. Qxc2 Rxc2 20. Nd6 Re7 21. Rxb7
Rxa2 22. Rc1 g5 23. Nxg5 fxg5 24. Bxg5 Rf7 25. Nxf7 Nxf7 26. Rc8+ Nf8 27. Rcc7
Bxd4 28. Rxf7 Ne6 29. Bh4 Ra1+ 30. Kh2 a5 31. Rfe7 Nf8 32. Re8 Bc5 33. Bf6 Ra2
34. Rg7+ 1-0

[Event "Druzynowe Mistrzostwa Polski II Liga"]
[Site "Szklarska Poreba"]
[Date "1899-12-30"]
[Round "9.40"]
[White "Wlodarczyk, Oskar"]
[Black "Rawski, Slawomir"]
[Result "1-0"]
[WhiteTitle "FM"]
[BlackTitle "FM"]
[WhiteElo "2281"]
[BlackElo "2164"]

1. e4 e6 2. d4 d5 3. Nc3 dxe4 4. Nxe4 Be7 5. Nf3 Nf6 6. Bd3 Nbd7 7. Qe2 O-O 8.
Bd2 c5 9. O-O-O cxd4 10. Nxf6+ Bxf6 11. g4 Nc5 12. g5 Nxd3+ 13. Qxd3 Be7 14. Rhe1
Bd7 15. Re4 Bc6 16. Rh4 g6 17. Rxd4 Qb6 18. Ne5 Bc5 19. Bc3 Bxd4 20. Bxd4 Qa5
21. Qe3 f5 22. gxf6 Rf7 23. Nxf7 Kxf7 24. Qh6 e5 25. Qg7+ Ke6 26. Qe7+ Kf5 27.
Bc3 Re8 28. Bxa5 Rxe7 29. Bc3 Kxf6 30. Ba5 Kf5 1-0

[Event "Druzynowe Mistrzostwa Polski II Liga"]
[Site "Szklarska Poreba"]
[Date "1899-12-30"]
[Round "9.41"]
[White "Drzazga, Rafal"]
[Black "Michalski, Filip"]
[Result "0-1"]
[WhiteTitle "I"]
[BlackTitle "k"]
[WhiteElo "2018"]
[BlackElo "2166"]

1. e4 d6 2. d4 Nf6 3. Nc3 e5 4. dxe5 dxe5 5. Qxd8+ Kxd8 6. Bg5 Be6 7. O-O-O Kc8
8. a3 Nbd7 9. Nf3 Ng4 10. Bh4 f6 11. h3 Nh6 12. Nd2 Nb6 13. Nb3 c6 14. f3 Nf7
15. Bf2 Nd7 16. Na4 b6 17. Nc3 Kc7 18. Be2 a5 19. Na4 Nd6 20. Rd2 Nb7 21. Rhd1
Bd6 22. Nxb6 Nxb6 23. Bxb6+ Kxb6 24. Rxd6 Nxd6 25. Rxd6 Bxb3 26. cxb3 Rad8 27.
Rxd8 Rxd8 28. Kc2 g6 29. Bd3 Rf8 30. Kc3 Kc5 31. Bc2 f5 32. Bd3 h5 33. Bc2 Rf6
34. Bd3 fxe4 35. Bxe4 g5 36. Bd3 g4 37. hxg4 hxg4 38. Be4 g3 39. Bd3 Rh6 40. Bf5
Rh2 0-1

[Event "Druzynowe Mistrzostwa Polski II Liga"]
[Site "Szklarska Poreba"]
[Date "1899-12-30"]
[Round "9.42"]
[White "Czerwinska, Milena"]
[Black "Smarsz, Agata"]
[Result "1/2-1/2"]
[WhiteTitle "WFM"]
[BlackTitle "m"]
[WhiteElo "2013"]
[BlackElo "2102"]

1. e4 c5 2. Nf3 Nc6 3. d4 cxd4 4. Nxd4 Nf6 5. Nc3 e5 6. Ndb5 d6 7. Bg5 a6 8. Na3
b5 9. Bxf6 gxf6 10. Nd5 Bg7 11. c4 O-O 12. cxb5 axb5 13. Nxb5 f5 14. exf5 Bxf5
15. Qf3 Bg6 16. Be2 e4 17. Qb3 Rb8 18. a4 Nd4 19. Qd1 Qg5 20. Ne3 Nxb5 21. axb5
Bxb2 22. Rb1 Bc3+ 23. Kf1 Rfd8 24. h4 Qe5 25. Qb3 h5 26. Rh3 Bd4 27. Rg3 Kh7 28.
Rg5 Qh2 29. Bxh5 d5 30. Bxg6+ fxg6 31. Nxd5 Qxh4 32. Rg3 Kg7 33. Ne3 Qf6 34. Ng4
Qb6 35. Ke2 Rf8 36. Ne3 Rbc8 37. Rd1 Qf6 38. Ng4 Qb6 39. Ne3 Qf6 1/2-1/2

[Event "Druzynowe Mistrzostwa Polski II Liga"]
[Site "Szklarska Poreba"]
[Date "1899-12-30"]
[Round "9.43"]
[White "Krzywda, Andrzej"]
[Black "Dzierzak, Radoslaw"]
[Result "1/2-1/2"]
[WhiteTitle "k"]
[BlackTitle "I++"]
[WhiteElo "2186"]
[BlackElo "2251"]

1. e4 e5 2. Nf3 Nf6 3. Nxe5 d6 4. Nf3 Nxe4 5. Qe2 Qe7 6. d3 Nf6 7. Bg5 Qxe2+ 8.
Bxe2 Be7 9. Nc3 c6 10. O-O-O Na6 11. Rhe1 Nc7 12. Ne4 Nxe4 13. dxe4 Bxg5+ 14.
Nxg5 Ke7 15. f4 Ne6 16. Nxe6 Bxe6 17. f5 Bd7 18. c4 Rad8 19. Bf3 f6 20. Rd3 c5
21. Kd2 Bc6 22. Ke3 Rhe8 23. Kf4 Kd7 24. g4 h6 25. h4 Kc7 26. Rg1 Rh8 27. b3 a5
28. a4 Rd7 29. Rd2 Re7 30. Rgd1 Rd7 31. Rg2 Re7 32. Re1 b6 1/2-1/2

[Event "Druzynowe Mistrzostwa Polski II Liga"]
[Site "Szklarska Poreba"]
[Date "1899-12-30"]
[Round "9.44"]
[White "Walter, Szymon"]
[Black "Sztwiertnia, Jan Krzysztof"]
[Result "1/2-1/2"]
[WhiteTitle "k"]
[BlackTitle "k"]
[WhiteElo "2263"]
[BlackElo "2105"]

1. e4 e5 2. Nf3 Nc6 3. Bb5 a6 4. Bxc6 dxc6 5. d4 exd4 6. Qxd4 Bg4 7. Qxd8+ Rxd8
8. Nbd2 Nf6 9. Ne5 Bc5 10. f3 Be6 11. Nd3 Bb6 12. Nf1 O-O 13. Be3 Bxe3 14. Nxe3
Rfe8 15. O-O-O Kf8 16. b3 Bc8 17. Kb2 b6 18. Rhe1 c5 19. c4 Bb7 20. Nf4 a5 21.
a4 g6 22. Nfd5 Nxd5 23. Nxd5 Bxd5 24. exd5 f5 25. Kc3 Rxe1 26. Rxe1 Kf7 27. f4
Re8 28. Rxe8 Kxe8 29. h4 h5 30. g3 Ke7 31. Kd3 Kd6 32. Ke3 c6 33. dxc6 Kxc6 34.
Kd3 1/2-1/2

[Event "Druzynowe Mistrzostwa Polski II Liga"]
[Site "Szklarska Poreba"]
[Date "1899-12-30"]
[Round "9.45"]
[White "Malecki, Rafal"]
[Black "Faron, Rafal"]
[Result "1/2-1/2"]
[WhiteTitle "k+"]
[BlackTitle "k"]
[WhiteElo "2006"]
[BlackElo "2115"]

1. Nf3 Nf6 2. g3 g6 3. Bg2 Bg7 4. O-O O-O 5. d3 Re8 6. e4 e5 7. c3 d6 8. Nbd2 Bg4
9. Qc2 c6 10. h3 Bxf3 11. Bxf3 Nbd7 12. a4 a5 13. Nc4 Qc7 14. Ne3 Nf8 15. Ng4
Nxg4 16. Bxg4 Ne6 17. h4 h5 18. Bh3 Kh7 19. Qe2 Qe7 20. Be3 c5 21. Rfb1 Reb8 22.
Kg2 Nc7 23. b4 b6 24. bxc5 dxc5 25. Rb2 Qd6 26. Rab1 Rb7 27. Kh2 Ne6 28. Qc2 Bf8
29. Bf1 Rd8 30. Be2 Be7 31. Qb3 Kg7 32. Qc4 1/2-1/2

[Event "Druzynowe Mistrzostwa Polski II Liga"]
[Site "Szklarska Poreba"]
[Date "1899-12-30"]
[Round "9.46"]
[White "Kastelik, Adrian"]
[Black "Szajda, Marcin"]
[Result "1/2-1/2"]
[WhiteTitle "I++"]
[BlackTitle "I++"]
[WhiteElo "2168"]
[BlackElo "2016"]

1. e4 e5 2. Nf3 Nc6 3. Bc4 Bc5 4. c3 d6 5. d4 exd4 6. cxd4 Bb4+ 7. Nc3 Nf6 8. Bg5
h6 9. Bxf6 Qxf6 10. O-O Bxc3 11. bxc3 O-O 12. Bd3 Bg4 13. h3 Bxf3 14. Qxf3 Qxf3
15. gxf3 g5 16. Rab1 Rab8 17. h4 Kg7 18. hxg5 hxg5 19. Rb5 f6 20. Kg2 Rh8 21.
Rh1 Rxh1 22. Kxh1 b6 23. Kg1 Ne7 24. a4 Ng6 25. Bf1 Nf4 26. Rb1 Rh8 27. Rb5 Nh3+
28. Bxh3 Rxh3 29. Kg2 Rh8 30. c4 Kf7 31. Rb1 Ke6 32. Kg3 1/2-1/2

[Event "Druzynowe Mistrzostwa Polski II Liga"]
[Site "Szklarska Poreba"]
[Date "1899-12-30"]
[Round "9.47"]
[White "Gwozdzik, Zbigniew"]
[Black "Wielek, Thomas"]
[Result "1/2-1/2"]
[WhiteTitle "I"]
[BlackTitle "I"]
[WhiteElo "1878"]
[BlackElo "1803"]

1. c4 g6 2. Nc3 Bg7 3. g3 Nf6 4. Bg2 O-O 5. Nf3 c5 6. O-O Nc6 7. d3 d6 8. Bd2 h6
9. h3 Bd7 10. Rb1 a5 11. a3 Kh7 12. Kh2 Rb8 13. e4 e5 14. Ne1 Ne8 15. Nc2 Nc7
16. Ne3 Nd4 17. Ncd5 Nxd5 18. Nxd5 Bc6 19. Bc3 Bxd5 20. cxd5 b6 21. Bxd4 cxd4
22. Rc1 Rc8 23. Rxc8 Qxc8 24. Qc1 Qc5 25. Qxc5 bxc5 26. Rc1 Rb8 27. Rc2 g5 28.
Bf3 Kg6 29. g4 Bf6 30. Bd1 Bd8 31. Rd2 Kf6 1/2-1/2

[Event "Druzynowe Mistrzostwa Polski II Liga"]
[Site "Szklarska Poreba"]
[Date "1899-12-30"]
[Round "9.48"]
[White "Binkowska, Agata"]
[Black "Chmiel, Dominika"]
[Result "1/2-1/2"]
[WhiteTitle "I++"]
[BlackTitle "m"]
[WhiteElo "1822"]
[BlackElo "2123"]

1. e4 e5 2. Nf3 Nc6 3. Bb5 a6 4. Ba4 Bc5 5. c3 b5 6. Bb3 Nf6 7. d3 d6 8. O-O O-O
9. Nbd2 Bb6 10. Re1 Ne7 11. h3 Ng6 12. Nf1 Nf4 13. Bxf4 exf4 14. d4 Nh5 15. N1d2
Rb8 16. Qe2 g6 17. Rad1 h6 18. Bc2 Re8 19. Nb3 Bb7 20. Qd2 Qd7 21. Nh2 Kg7 22.
Re2 a5 23. Rde1 a4 24. Nc1 Ba6 25. Bd3 Re7 26. b4 Rbe8 27. a3 c6 28. Bb1 Bc8 29.
Nd3 g5 30. Ng4 Qc7 31. Nb2 Bxg4 1/2-1/2

[Event "Druzynowe Mistrzostwa Polski II Liga"]
[Site "Szklarska Poreba"]
[Date "1899-12-30"]
[Round "9.49"]
[White "Molenda, Marcin"]
[Black "Barglowski, Filip"]
[Result "1/2-1/2"]
[WhiteTitle "FM"]
[BlackTitle "FM"]
[WhiteElo "2411"]
[BlackElo "2310"]

1. d4 d5 2. Bf4 Nf6 3. Nf3 e6 4. Nbd2 c5 5. c3 Bd6 6. Bg3 cxd4 7. cxd4 Ne4 8. Bxd6
Qxd6 9. e3 Nxd2 10. Nxd2 O-O 11. Bd3 Nc6 12. O-O e5 13. dxe5 Qxe5 14. Qb3 d4 15.
Nf3 Qf6 16. Nxd4 Nxd4 17. exd4 Qxd4 18. Rad1 Qf6 19. Bc4 Rb8 20. a4 Bf5 21. Qf3
Bc2 22. Qxf6 gxf6 23. Ra1 Rbc8 24. b3 Rfd8 25. Rac1 Bf5 26. Rfe1 Kf8 27. h3 Bd3
28. Red1 Bxc4 29. Rxd8+ Rxd8 30. Rxc4 Rd1+ 31. Kh2 Rb1 32. Rc3 Rb2 33. Kg3 Kg7
34. f3 b6 35. f4 f5 36. Kf3 Kg6 37. g4 f6 38. Kg3 fxg4 39. hxg4 h5 40. Kh4 1/2-1/2

[Event "Druzynowe Mistrzostwa Polski II Liga"]
[Site "Szklarska Poreba"]
[Date "1899-12-30"]
[Round "9.50"]
[White "Winiarski, Mikolaj"]
[Black "Czerw, Dawid"]
[Result "0-1"]
[WhiteTitle "FM"]
[BlackTitle "k"]
[WhiteElo "2272"]
[BlackElo "2260"]

1. e4 c5 2. Nf3 g6 3. h4 h5 4. Bc4 Bg7 5. c3 e6 6. Qe2 Nc6 7. d3 Nge7 8. e5 Qc7
9. Bf4 f6 10. d4 cxd4 11. cxd4 fxe5 12. dxe5 O-O 13. g3 b5 14. Bb3 Bb7 15. O-O
Rxf4 16. gxf4 Rf8 17. Nc3 Rxf4 18. Nxb5 Rg4+ 19. Kh2 Qb8 20. Kh3 Nxe5 21. Nbd4
Nd5 22. Bxd5 Bxd5 23. Rg1 Nxf3 24. Nxf3 Qf4 25. Rg3 Rxg3+ 26. fxg3 Qxf3 0-1

[Event "Druzynowe Mistrzostwa Polski II Liga"]
[Site "Szklarska Poreba"]
[Date "1899-12-30"]
[Round "9.51"]
[White "Hrtanek, Jiri"]
[Black "Chylewski, Patryk"]
[Result "0-1"]
[WhiteTitle "I"]
[BlackTitle "k++"]
[WhiteElo "1986"]
[BlackElo "2255"]

1. d4 Nf6 2. Nf3 g6 3. c4 Bg7 4. Nc3 d5 5. Qa4+ Bd7 6. Qb3 dxc4 7. Qxc4 O-O 8.
e3 Nc6 9. Be2 Be6 10. Qa4 Nd5 11. O-O Qd7 12. Qd1 Nxc3 13. bxc3 Na5 14. Qc2 Bc4
15. Ba3 Rfe8 16. Rfd1 Bxe2 17. Qxe2 Qa4 18. Bc1 c5 19. Rb1 Rac8 20. Bd2 b6 21.
Be1 cxd4 22. exd4 Qc4 23. Qd2 Qd5 24. a4 Nc4 25. Qe2 Rc7 26. Nd2 Nd6 27. Nf3 Rec8
28. Rdc1 Qc4 29. Qd1 Bh6 30. Nd2 Qd3 31. Rb3 Rxc3 32. Rbxc3 Rxc3 33. Rxc3 Qxc3
34. Nf3 Qc4 35. Ne5 Qd5 36. Bc3 Bg7 37. f4 Qe4 38. g3 Qe3+ 0-1

[Event "Druzynowe Mistrzostwa Polski II Liga"]
[Site "Szklarska Poreba"]
[Date "1899-12-30"]
[Round "9.52"]
[White "Rozycki, Bartlomiej"]
[Black "Rydzewski, Pawel"]
[Result "1-0"]
[WhiteTitle "k++"]
[BlackTitle "I"]
[WhiteElo "2157"]
[BlackElo "1938"]

1. d4 Nf6 2. c4 g6 3. Nc3 d5 4. Bf4 Bg7 5. Rc1 c6 6. e3 O-O 7. h3 Re8 8. Nf3 a6
9. c5 Nbd7 10. Be2 Ne4 11. O-O e5 12. Nxe4 dxe4 13. Nxe5 Nxe5 14. dxe5 Qxd1 15.
Rfxd1 Be6 16. Bc4 Rad8 17. Bxe6 fxe6 18. Rd4 Rd5 19. Rxe4 Red8 20. Rb4 R8d7 21.
e4 Rd3 22. Kf1 h6 23. h4 g5 24. hxg5 hxg5 25. Bxg5 Bxe5 26. Ke2 a5 27. Rxb7 Rxb7
28. Kxd3 Rxb2 29. Rc2 1-0

[Event "Druzynowe Mistrzostwa Polski II Liga"]
[Site "Szklarska Poreba"]
[Date "1899-12-30"]
[Round "9.53"]
[White "Galuszka, Tomasz"]
[Black "Kokoszczynski, Jan"]
[Result "0-1"]
[WhiteTitle "I"]
[BlackTitle "k"]
[WhiteElo "1895"]
[BlackElo "2103"]

1. e4 d6 2. d4 g6 3. Nc3 Bg7 4. f4 Nf6 5. Nf3 O-O 6. Be2 c5 7. dxc5 Qa5 8. Qd3
Qxc5 9. Be3 Qa5 10. Qb5 Qc7 11. Qc4 Qa5 12. Qb5 Qxb5 13. Bxb5 a6 14. Bd3 b5 15.
O-O Bb7 16. a3 Nbd7 17. Rae1 Rac8 18. Bd2 Nc5 19. h3 Nfd7 20. a4 bxa4 21. Ra1
Bxc3 22. Bxc3 Nxe4 23. Bxe4 Bxe4 24. Rfe1 Bxf3 25. gxf3 e6 26. Rxa4 Rc6 27. Rd1
Rfc8 28. Kf2 f6 29. Ra5 Kf7 30. Rda1 Nb8 31. R1a4 Rc4 32. Ke3 e5 33. fxe5 fxe5
34. Kd3 Rxa4 35. Rxa4 Ke6 36. Rb4 Nd7 37. f4 a5 38. Rb5 exf4 39. Rxa5 Nc5+ 40.
Ke2 Ne4 41. Ra7 Nxc3+ 42. bxc3 Rxc3 43. Rxh7 Rxc2+ 44. Kf3 g5 45. Rh6+ Ke5 46.
Rh8 Rc3+ 47. Kf2 Kd4 48. Rh5 Rg3 49. h4 g4 50. Rg5 Ke4 51. h5 Rh3 52. Rxg4 Rxh5
53. Rg8 Rh2+ 54. Kg1 Rd2 55. Re8+ Kf3 56. Ra8 Rd3 57. Rh8 d5 58. Rh3+ Ke2 59.
Rh2+ Ke3 0-1

[Event "Druzynowe Mistrzostwa Polski II Liga"]
[Site "Szklarska Poreba"]
[Date "1899-12-30"]
[Round "9.54"]
[White "Moscicka, Pola"]
[Black "Buchta, Agnieszka"]
[Result "1/2-1/2"]
[WhiteTitle "k+"]
[BlackTitle "I++"]
[WhiteElo "1894"]
[BlackElo "1835"]

1. c4 c6 2. d4 d5 3. Nf3 Nf6 4. cxd5 cxd5 5. Nc3 Nc6 6. Bf4 Bf5 7. e3 e6 8. Bd3
Bxd3 9. Qxd3 Bd6 10. Bxd6 Qxd6 11. O-O O-O 12. Rac1 Rac8 13. a3 Ne7 14. Ne2 Rxc1
15. Rxc1 Rc8 16. Rxc8+ Nxc8 17. Ne5 Nd7 18. Nxd7 Qxd7 19. Nc3 Qc6 20. Qb5 Qxb5
21. Nxb5 Kf8 22. Kf1 Ke7 23. Ke2 Nd6 24. Nxd6 Kxd6 25. Kd3 Kc6 26. Kc3 Kd6 27.
Kd3 Kc6 28. Kc3 Kd6 29. Kd3 Kc6 30. Kc3 Kd6 1/2-1/2

[Event "Druzynowe Mistrzostwa Polski II Liga"]
[Site "Szklarska Poreba"]
[Date "1899-12-30"]
[Round "9.55"]
[White "Zaskalski, Arkadiusz"]
[Black "Piotrowski, Przemyslaw"]
[Result "1/2-1/2"]
[WhiteTitle "k"]
[BlackTitle "k+"]
[WhiteElo "2165"]
[BlackElo "2324"]

1. c4 Nf6 2. Nf3 g6 3. g3 Bg7 4. Nc3 O-O 5. Bg2 c5 6. d4 d6 7. O-O Nc6 8. dxc5
dxc5 9. Be3 Qa5 10. Qa4 Qxa4 11. Nxa4 b6 12. Nc3 Ba6 13. Nd2 Rac8 14. h3 Nd4 15.
Rac1 Nf5 16. Bg5 h6 17. Bxf6 Bxf6 18. b3 Bxc3 19. Rxc3 Rfd8 20. Rd1 Rc7 21. Kf1
Bb7 22. Bxb7 Rxb7 23. e3 Rbd7 24. Ke2 e5 25. Rcc1 Nd6 26. Nb1 Ne4 27. Rxd7 Rxd7
28. Rc2 f5 29. Nc3 Nxc3+ 30. Rxc3 e4 31. h4 Kf7 32. Rc1 Ke6 33. Rc2 Ke5 34. Rc1
Rd8 35. Rg1 a5 36. Rb1 Rd7 37. Rb2 Rd8 38. Rb1 Rd6 39. Rb2 Rd3 40. Rb1 g5 41.
hxg5 hxg5 42. Rb2 f4 43. gxf4+ gxf4 44. Rd2 f3+ 45. Ke1 Rxd2 46. Kxd2 Kf5 47.
Ke1 Kg4 48. Kf1 1/2-1/2

[Event "Druzynowe Mistrzostwa Polski II Liga"]
[Site "Szklarska Poreba"]
[Date "1899-12-30"]
[Round "9.56"]
[White "Fudalej, Michal"]
[Black "Markiewicz, Jerzy"]
[Result "1/2-1/2"]
[WhiteTitle "FM"]
[BlackTitle "FM"]
[WhiteElo "2200"]
[BlackElo "2156"]

1. Nf3 Nf6 2. g3 g6 3. Bg2 Bg7 4. c4 O-O 5. Nc3 d6 6. O-O e5 7. d3 Nc6 8. Rb1 a5
9. a3 Re8 10. Bg5 h6 11. Bxf6 Bxf6 12. b4 axb4 13. axb4 Bg7 14. b5 Ne7 15. Qb3
c6 16. Nd2 Be6 17. Ra1 f5 18. Qb2 Rxa1 19. Rxa1 d5 20. bxc6 bxc6 21. cxd5 cxd5
22. Na4 Qd6 23. Nb3 Rb8 24. Qc2 Bf7 25. Qc5 Qxc5 26. Naxc5 d4 27. Ra7 Nc8 28.
Ra8 Rxa8 29. Bxa8 Bf8 30. Bc6 Nb6 31. Kf1 Kg7 32. Ke1 Be7 33. Kd2 h5 34. h4 g5
1/2-1/2

[Event "Druzynowe Mistrzostwa Polski II Liga"]
[Site "Szklarska Poreba"]
[Date "1899-12-30"]
[Round "9.57"]
[White "Augustyn, Sebastian"]
[Black "Fudalej, Grzegorz"]
[Result "1-0"]
[WhiteTitle "k"]
[BlackTitle "k"]
[WhiteElo "2144"]
[BlackElo "2121"]

1. e4 c6 2. d4 d5 3. e5 g6 4. c4 Be6 5. Qb3 Qb6 6. Nc3 dxc4 7. Bxc4 Bxc4 8. Qxc4
Na6 9. Nf3 Nh6 10. O-O Bg7 11. Bg5 Qb4 12. Qe2 Nf5 13. Rad1 h6 14. Bc1 O-O-O 15.
a3 Qb6 16. Qc4 e6 17. Ne4 Bf8 18. g4 Ng7 19. b4 Nc7 20. Be3 Nd5 21. Qc1 h5 22.
h3 Be7 23. Bg5 hxg4 24. hxg4 Rh3 25. Kg2 Rdh8 26. Bxe7 Nxe7 27. Nd6+ Kd7 28. Rh1
Rxh1 29. Rxh1 Rxh1 30. Qxh1 Ne8 31. Nxf7 Qa6 32. Qh8 Qe2 33. Nd6 Nc7 34. Nxb7
Ne8 35. Nc5+ Kd8 36. Nxe6+ Kd7 37. Nc5+ Kd8 38. Nb7+ Kc7 39. Qxe8 Nd5 40. Qf7+
Kb6 41. Nd6 Ne3+ 42. Kg3 Nf1+ 43. Kh3 1-0

[Event "Druzynowe Mistrzostwa Polski II Liga"]
[Site "Szklarska Poreba"]
[Date "1899-12-30"]
[Round "9.58"]
[White "Fiedorek, Michal"]
[Black "Czarnecki, Wojciech"]
[Result "0-1"]
[WhiteTitle "I"]
[BlackTitle "k"]
[WhiteElo "2001"]
[BlackElo "2020"]

1. e4 c6 2. d4 d5 3. Nc3 dxe4 4. Nxe4 Bf5 5. Ng3 Bg6 6. h4 h6 7. Nf3 Nd7 8. h5
Bh7 9. Bd3 Bxd3 10. Qxd3 Ngf6 11. Bd2 Qc7 12. O-O-O e6 13. Ne4 Nxe4 14. Qxe4 Nf6
15. Qe2 O-O-O 16. g3 Rd5 17. c4 Rxh5 18. Rhg1 c5 19. Bf4 Bd6 20. Bxd6 Qxd6 21.
Ne5 Rf8 22. g4 Rh2 23. Qe3 cxd4 24. Rxd4 Qb6 25. c5 Qc7 26. c6 Nd5 27. Qa3 Rd8
28. Rc4 Qxe5 29. Qxa7 bxc6 30. Rxc6+ Nc7 31. Qa8+ Kd7 32. Rd1+ Nd5 33. Qb7+ Ke8
34. Qb5 Qg5+ 35. Rd2 Rh1+ 36. Kc2 Ne3+ 37. Rc5+ 0-1

[Event "Druzynowe Mistrzostwa Polski II Liga"]
[Site "Szklarska Poreba"]
[Date "1899-12-30"]
[Round "9.59"]
[White "Markiewicz, Mateusz"]
[Black "Maciol, Ryszard"]
[Result "0-1"]
[WhiteTitle "I++"]
[BlackTitle "k"]
[WhiteElo "2021"]
[BlackElo "2134"]

1. e4 e6 2. d4 d5 3. Nd2 c5 4. Ngf3 Nf6 5. e5 Nfd7 6. c3 Nc6 7. Nb3 c4 8. Nbd2
b5 9. g3 Be7 10. Bh3 O-O 11. O-O b4 12. Ne1 bxc3 13. bxc3 Qa5 14. Qc2 Nb6 15.
f4 Qa4 16. g4 Qxc2 17. Nxc2 Na4 18. Rf3 Rb8 19. f5 f6 20. exf6 Bxf6 21. Rb1 Rxb1
22. Nxb1 exf5 23. gxf5 Bd7 24. Bf4 Be8 25. Ne3 Bh5 26. Rf2 Ne7 27. Bg2 Rd8 28.
Kf1 Rd7 29. Rc2 g6 30. Bh3 Rb7 31. Nd2 gxf5 32. Kf2 Nb2 33. Bd6 Nd3+ 34. Kf1 Bg5
0-1

[Event "Druzynowe Mistrzostwa Polski II Liga"]
[Site "Szklarska Poreba"]
[Date "1899-12-30"]
[Round "9.60"]
[White "Ryng, Malgorzata"]
[Black "Jalowiec, Halina"]
[Result "1/2-1/2"]
[WhiteTitle "m"]
[BlackTitle "WFM"]
[WhiteElo "2045"]
[BlackElo "1967"]

1. e4 d6 2. d4 Nf6 3. Nc3 e5 4. Nf3 Nbd7 5. Bc4 h6 6. O-O Be7 7. h3 a6 8. a4 O-O
9. Nh2 c5 10. dxc5 Nxc5 11. Qe2 Be6 12. b4 Bxc4 13. Qxc4 Ne6 14. Be3 Rc8 15. Qd3
Qc7 16. Ra3 Qc4 17. Nd5 Nxd5 18. exd5 Nd4 19. Bxd4 exd4 20. Rd1 Bf6 21. Ng4 Bd8
22. Qxd4 Qxd4 23. Rxd4 Rxc2 24. a5 Re8 25. Ne3 Rc1+ 26. Kh2 Bf6 27. Rdd3 Re4 28.
Rab3 Ra1 29. Kg3 Be5+ 30. Kf3 Rf4+ 31. Ke2 Ra2+ 32. Rd2 Rxd2+ 33. Kxd2 Rxf2+ 34.
Kd3 Bf4 35. b5 Bxe3 36. Kxe3 Ra2 37. bxa6 bxa6 38. Rb8+ Kh7 39. Rb6 Rxa5 40. Rxd6
g6 41. Kd4 Kg7 42. Ke5 Ra2 43. g3 Ra3 44. Kf4 g5+ 45. Kg4 1/2-1/2

[Event "Druzynowe Mistrzostwa Polski II Liga"]
[Site "Szklarska Poreba"]
[Date "1899-12-30"]
[Round "9.61"]
[White "Dowgird, Filip"]
[Black "Karwowski, Kacper"]
[Result "1-0"]
[WhiteTitle "k"]
[BlackTitle "k"]
[WhiteElo "2270"]
[BlackElo "2238"]

1. e4 c5 2. g3 Nc6 3. Bg2 g6 4. f4 Bg7 5. d3 d6 6. Nf3 e6 7. O-O Nge7 8. c3 O-O
9. Be3 b6 10. a4 Bb7 11. Na3 Rc8 12. Bf2 f5 13. Re1 Qd7 14. exf5 exf5 15. d4 Nd8
16. dxc5 bxc5 17. Nc4 Nf7 18. Qb3 Rb8 19. Qa3 Bd5 20. Ncd2 Qb7 21. Rab1 Bf6 22.
b4 cxb4 23. Rxb4 Qc7 24. Bd4 Bxd4+ 25. Rxd4 Bb7 26. Rd3 Ba6 27. c4 Nc6 28. Rde3
Qd7 29. h4 h6 30. Qc3 Rbe8 31. Qf6 Nh8 32. Rxe8 Rxe8 33. Rxe8+ Qxe8 34. Qxd6 Kg7
35. h5 Bc8 36. hxg6 Nxg6 37. Kf2 Bd7 38. Nb3 Nf8 39. Nfd4 Nxd4 40. Nxd4 Qf7 41.
Bd5 Qf6 42. Qxf6+ Kxf6 43. a5 Ng6 44. Bb7 Ne7 45. Nb5 a6 46. Nc7 Be6 47. Bxa6
Nc6 48. Nxe6 Kxe6 49. Bc8+ Kd6 50. a6 Kc5 51. Bd7 Na7 52. Bb5 Kd4 53. Kg2 Ke4
54. Kh3 h5 55. Kh4 Kf3 56. Bd7 1-0

[Event "Druzynowe Mistrzostwa Polski II Liga"]
[Site "Szklarska Poreba"]
[Date "1899-12-30"]
[Round "9.62"]
[White "Sapis, Witalis"]
[Black "Dobrowolski, Aleksander"]
[Result "1/2-1/2"]
[WhiteTitle "IM"]
[BlackTitle "m"]
[WhiteElo "2388"]
[BlackElo "2266"]

1. d4 d5 2. Nf3 Nf6 3. Bf4 c5 4. c3 cxd4 5. cxd4 Qb6 6. Bc1 Nc6 7. e3 Bf5 8. Nc3
e6 9. Nh4 Be4 10. f3 Bg6 11. g4 Be7 12. g5 Nd7 13. Nxg6 hxg6 14. f4 Rc8 15. Bd2
a6 16. Na4 Qc7 17. Rc1 b5 18. Nc3 Nb6 19. b3 Ba3 20. Rb1 Nb4 21. Kf2 Qd7 22. h4
Rc7 23. Ne2 Nc8 24. Bxb4 Bxb4 25. Rc1 Nd6 26. Ng3 Ke7 27. Rxc7 Qxc7 28. Bd3 Qc3
29. Qc2 Qxc2+ 30. Bxc2 Rc8 1/2-1/2

[Event "Druzynowe Mistrzostwa Polski II Liga"]
[Site "Szklarska Poreba"]
[Date "1899-12-30"]
[Round "9.63"]
[White "Kwiecinski, Marian"]
[Black "Rudnicki, Milosz"]
[Result "0-1"]
[WhiteTitle "k"]
[BlackTitle "k"]
[WhiteElo "2216"]
[BlackElo "2164"]

1. Nf3 d5 2. c4 e6 3. d4 Nf6 4. Nc3 c6 5. Bg5 Be7 6. e3 Nbd7 7. Bd3 h6 8. Bh4 dxc4
9. Bxc4 b5 10. Bd3 a6 11. O-O c5 12. Rc1 cxd4 13. Nxd4 Bb7 14. Bb1 O-O 15. Qe2
Rc8 16. a3 Qb6 17. b4 Bd6 18. Rfd1 Rc7 19. Na2 Rfc8 20. Rxc7 Qxc7 21. Bg3 Bxg3
22. hxg3 Ne5 23. Bd3 Nxd3 24. Qxd3 Bd5 25. Rd2 Bc4 26. Qb1 Bxa2 27. Rxa2 Qc1+
28. Qxc1 Rxc1+ 29. Kh2 Ng4+ 30. Kh3 f5 0-1

[Event "Druzynowe Mistrzostwa Polski II Liga"]
[Site "Szklarska Poreba"]
[Date "1899-12-30"]
[Round "9.64"]
[White "Gosciniak, Tomasz"]
[Black "Grossmann, Ryszard"]
[Result "1/2-1/2"]
[WhiteTitle "I"]
[BlackTitle "FM"]
[WhiteElo "1924"]
[BlackElo "2070"]

1. d4 c5 2. d5 d6 3. e4 g6 4. h3 Bg7 5. c4 Nf6 6. Nc3 O-O 7. Bd3 e6 8. Nge2 exd5
9. exd5 Nbd7 10. f4 Ne8 11. Be3 f5 12. g4 fxg4 13. hxg4 Ndf6 14. g5 Nh5 15. Qd2
Bf5 16. O-O-O Bh8 17. Ne4 Neg7 18. Rde1 Qd7 19. N4g3 Bxd3 20. Qxd3 Rae8 21. Bd2
Qg4 22. Ref1 Rf7 23. Rf3 Nxg3 24. Nxg3 Nf5 25. Nxf5 Qxf5 26. Qxf5 Rxf5 27. b3
Bd4 28. Re1 Rff8 29. Rff1 Kf7 30. Kc2 Bg7 31. Kd3 h5 32. Rxe8 Rxe8 33. Re1 Rxe1
34. Bxe1 Bf8 35. Ke4 Be7 36. Bh4 a6 37. f5 Bd8 38. f6 Bc7 39. Bg3 Ke8 40. a3 Kd7
41. b4 b6 42. Kd3 Bd8 43. Kc3 Bc7 44. b5 a5 45. a4 1/2-1/2

[Event "Druzynowe Mistrzostwa Polski II Liga"]
[Site "Szklarska Poreba"]
[Date "1899-12-30"]
[Round "9.65"]
[White "Helaszek, Edward"]
[Black "Kowalski, Maciej"]
[Result "0-1"]
[WhiteTitle "k"]
[BlackTitle "k"]
[WhiteElo "2006"]
[BlackElo "2060"]

1. e4 c5 2. Nf3 Nc6 3. d4 cxd4 4. Nxd4 Nf6 5. Nc3 d6 6. Be2 g6 7. O-O Bg7 8. Nb3
O-O 9. Re1 Be6 10. Bf1 d5 11. exd5 Nxd5 12. Nxd5 Bxd5 13. c3 e5 14. Be3 b6 15.
f3 Ne7 16. Bf2 Qc7 17. Qe2 Rfe8 18. c4 Bc6 19. Rad1 Nf5 20. g4 Nd4 21. Nxd4 exd4
22. Qd3 Qb7 23. Bg2 Rxe1+ 24. Rxe1 b5 25. c5 b4 26. Rd1 Rd8 27. b3 a5 28. Bh4
Rd5 29. Rc1 Bf8 30. Bf2 Rxc5 31. Rxc5 Bxc5 32. Qc4 Qb6 33. f4 Bxg2 34. Kxg2 Qd6
35. Kf1 Bb6 36. Qb5 Bc7 37. Qe8+ Kg7 38. Qe4 Bb6 39. Kg2 f6 40. g5 fxg5 41. fxg5
Kf7 42. Qb7+ Kg8 43. Qe4 Kf7 44. Bg3 Qd7 45. Be5 d3 46. Qf3+ Ke8 47. Qe4 d2 48.
Bc3+ Kf7 49. Qf4+ Kg8 50. Bxd2 Qd5+ 51. Kh3 Qd7+ 52. Kh4 h6 53. Qc4+ Kh7 54. gxh6
Bf2+ 0-1

[Event "Druzynowe Mistrzostwa Polski II Liga"]
[Site "Szklarska Poreba"]
[Date "1899-12-30"]
[Round "9.66"]
[White "Gosciniak, Maria"]
[Black "Korosciel, Aneta"]
[Result "1-0"]
[WhiteTitle "WFM"]
[BlackTitle "m"]
[WhiteElo "2070"]
[BlackElo "2017"]

1. Nc3 d6 2. e4 Nf6 3. d4 c6 4. f3 g6 5. Be3 Bg7 6. Qd2 O-O 7. g4 e5 8. O-O-O Qa5
9. Kb1 b5 10. h4 b4 11. Nce2 Be6 12. Nc1 Nbd7 13. h5 exd4 14. Bxd4 c5 15. Be3
Rfd8 16. hxg6 fxg6 17. Nh3 Ne5 18. Ng5 Bc4 19. Nxh7 Bxf1 20. Nxf6+ Bxf6 21. Qd5+
Kf8 22. Rdxf1 Qa6 23. Nd3 Nc4 24. Rh7 Bg7 25. Bh6 1-0